Spanish soccer players scoring during the UEFA Euro - Statistics

General Stats
  • This quiz has been taken 199 times
    89 since last reset
  • The average score is 18 of 47
Answer Stats
Goals Year(s) Player % Correct
4 2008 David Villa
92%
5 2008, 2012 Fernando Torres
91%
3 2021, 2024 Ferrán Torres
90%
1 2008 Xavi
88%
7 2016, 2021, 2024 Álvaro Morata
87%
1 2024 Lamine Yamal
87%
3 2024 Dani Olmo
71%
1 2016 Gerard Piqué
69%
2 2024 Nico Williams
68%
1 2000 Raúl
66%
3 2008, 2012 David Silva
64%
1 2024 Rodri
62%
3 2008, 2012 Cesc Fàbregas
60%
1 2024 Dani Carvajal
57%
1 2012 Jordi Alba
56%
2 2021, 2024 Mikel Oyarzabal
56%
1 2004 Fernando Morientes
49%
2 2024 Fabián Ruiz
48%
2 2012 Xabi Alonso
48%
1 2024 Mikel Merino
47%
1 2012 Juan Mata
44%
1 2012 Jesús Navas
42%
1 1988 Emilio Butragueño
36%
1 2021 Aymeric Laporte
30%
2 2008 Dani Güiza
27%
1 2021 César Azpilicueta
22%
2 2000 Gaizka Mendieta
18%
2 2021 Pablo Sarabia
17%
1 2008 Rubén de la Red
17%
1 2016 Nolito
14%
1 1988 Michel
13%
1 1984 Santillana
12%
3 1996, 2000 Alfonso
10%
1 2004 Juan Carlos Valerón
10%
1 1980 Dani
9%
1 2000 Joseba Etxeberria
9%
1 1996 José Luis Caminero
9%
1 1964 Marcelino
9%
1 2000 Pedro Munitis
9%
1 1964 Amancio
8%
1 1996 Guillermo Amor
8%
1 1980 Quini
6%
2 1964 Chus Pereda
5%
1 1984 Lobo Carrasco
5%
2 1984 Antonio Maceda
4%
1 1996 Javier Manjarín
4%
1 1988 Rafael Gordillo
4%
No matching quizzes found
Score Distribution
Percent of People with Each Score
Percentile by Number Answered
Your Score History
You have not taken this quiz since the last reset